NBA team quizzes LA Lakers - Statistics

General Stats
  • This quiz has been taken 152 times
  • The average score is 9 of 14
Answer Stats
Hint Answer % Correct
scoring leader Kobe Bryant
98%
when was their most recent ring (say never if they didn't get one) 2020
81%
how many rings do they have 17
79%
assists leader Magic Johnson
75%
how many jerseys have they retired 14
72%
what number did Kobe Bryant Wear (most recently) 24
72%
how many finals appearances do they have 28
71%
what number did Shaq wear for the lakers 34
67%
blocks leader Kareem Abdul-Jabbar
67%
steals leader Kobe Bryant
61%
what number did Magic Johnson wear 32
59%
rebounds leader Elgin Baylor
40%
1980's team called the ________ ______ Showtime Lakers
37%
most recent jersey retirement Michael Cooper
15%
No matching quizzes found
Score Distribution
Percent of People with Each Score
Percentile by Number Answered
Your Score History
You have not taken this quiz